| 000 | 00603nam a22001937a 4500 | ||
|---|---|---|---|
| 005 | 20251108171728.0 | ||
| 008 | 250721s2002 xx 000 0 ara d | ||
| 082 | 1 | 4 | _a332/خطي |
| 100 | 1 | _aالخطيب، شذا جمال | |
| 245 | 1 | 0 | _aالعولمة المالية و مستقبل الأسواق العربية لرأس المال / |
| 264 | 1 |
_aعمان : _bدار طابا، _c2002. |
|
| 300 | _a176ص. | ||
| 650 | 1 | 7 | _aالإقتصاد العالمي |
| 650 | 1 | 7 | _aالتدويل |
| 650 | 1 | 7 | _aالنقود |
| 650 | 1 | 7 | _aالأسواق العربية |
| 942 |
_2ddc _cBK |
||
| 999 |
_c61005 _d61005 |
||